Statement of chief election commissioner of Bhutan on religion above politics / (Record no. 2859)

MARC details
000 -LEADER
fixed length control field 00500nam a2200145 4500
001 - CONTROL NUMBER
control field 3520
005 - DATE AND TIME OF LATEST TRANSACTION
control field 20181127171411.0
090 00 - LOCALLY ASSIGNED LC-TYPE CALL NUMBER (OCLC); LOCAL CALL NUMBER (RLIN)
Classification number (OCLC) (R) ; Classification number, CALL (RLIN) (NR) 342.07 R3825s 2009.
110 ## - MAIN ENTRY--CORPORATE NAME
Corporate name or jurisdiction name as entry element Election Commission of Bhutan.
Subordinate unit
Location of meeting
Date of meeting or treaty signing
Relator term
Number of part/section/meeting
Name of part/section of a work
245 00 - TITLE STATEMENT
Title Statement of chief election commissioner of Bhutan on religion above politics /
Remainder of title
Statement of responsibility, etc. Election Commission of Bhutan.
Medium
260 00 - PUBLICATION, DISTRIBUTION, ETC.
Place of publication, distribution, etc. Thimphu :
Name of publisher, distributor, etc. Election Commission of Bhutan,
Date of publication, distribution, etc. 2009.
300 00 - PHYSICAL DESCRIPTION
Extent 23, 41 p.
500 00 - GENERAL NOTE
General note In English and Dzongkha.
650 00 - SUBJECT ADDED ENTRY--TOPICAL TERM
Topical term or geographic name entry element Election law --Bhutan.
General subdivision
Holdings
Withdrawn status Lost status Source of classification or shelving scheme Damaged status Not for loan Collection code Home library Current library Shelving location Serial Enumeration / chronology Inventory number Total Checkouts Full call number Barcode Date last seen Price effective from Koha item type
    Dewey Decimal Classification     Periodicals RTC Library RTC Library Periodicals 6048   Periodicals Serials 30004012 27/11/2018 27/11/2018 Periodicals
Royal Thimphu College || All Right Reserved